[Event "III  Wielkopolska  Liga  Seniorow   2013/2014"]
[Site "Wielkopolska "]
[Date "1899-12-30"]
[Round "4.1"]
[White "Szadkowski, Kamil"]
[Black "Stypka, Mieczyslaw"]
[Result "1-0"]
[WhiteTitle "k+"]
[BlackTitle "FM"]
[WhiteElo "2212"]
[BlackElo "2219"]

1. e4 c5 2. Nf3 d6 3. d4 cxd4 4. Nxd4 Nf6 5. Nc3 a6 6. Bc4 e6 7. Bb3 Nc6 8. O-O
Be7 9. Be3 Nxd4 10. Bxd4 b5 11. Qf3 Bb7 12. Qg3 O-O 13. Rad1 b4 14. Na4 Bxe4 15.
Nb6 Rb8 16. Bxf6 Bxf6 17. Rxd6 Qe7 18. Rfd1 Rfd8 19. Nd7 Rbc8 20. Qf4 Bc6 21.
Nxf6+ gxf6 22. Qxb4 Rxd6 23. Qxd6 Qxd6 24. Rxd6 Kf8 25. f3 Ke7 26. Rd4 Rg8 27.
Kf2 Rg5 28. Bc4 a5 29. Bd3 f5 30. a3 e5 31. Rh4 h5 32. Rc4 Kd6 33. h4 Rg8 34.
Bxf5 Rb8 35. b3 Rb6 36. Rc3 Bb5 37. Rc8 Ke7 38. Rc7+ Kf6 39. Be4 Ke6 40. Rb7 Rxb7
41. Bxb7 Kd6 42. c4 Bd7 43. b4 axb4 44. axb4 Be6 45. Ba6 Kc6 46. Ke3 Kb6 47. Bb5
f5 48. f4 e4 49. Kd4 Bf7 50. Ba4 e3 51. c5+ Kc7 52. Kxe3 1-0

[Event "III  Wielkopolska  Liga  Seniorow   2013/2014"]
[Site "Wielkopolska "]
[Date "1899-12-30"]
[Round "4.2"]
[White "Kaluzny, Lukasz"]
[Black "Szadkowski, Krzysztof"]
[Result "0-1"]
[WhiteTitle "I+"]
[BlackTitle "k"]
[WhiteElo "1979"]
[BlackElo "2161"]

1. e4 e5 2. Nf3 Nc6 3. Bc4 Nf6 4. Ng5 d5 5. exd5 Na5 6. Bb5+ c6 7. dxc6 bxc6 8.
Be2 h6 9. Nf3 e4 10. Ne5 Qd4 11. f4 Nd5 12. c3 Qb6 13. d4 exd3 14. Qxd3 Be6 15.
b4 Nxb4 16. cxb4 Bxb4+ 17. Bd2 Rd8 18. Bxb4 Rxd3 19. Nxd3 Nb7 20. Nc3 Bf5 21.
Rb1 Bxd3 22. Bxd3 Qe3+ 23. Be2 a5 24. Bxa5 Nxa5 25. Rb8+ Ke7 26. Rxh8 Qxc3+ 27.
Kf2 Qd4+ 28. Ke1 Qa1+ 29. Bd1 Nc4 30. Ke2 Qc3 31. Re1 Qe3+ 32. Kf1 Nd2# 0-1

[Event "III  Wielkopolska  Liga  Seniorow   2013/2014"]
[Site "Wielkopolska "]
[Date "1899-12-30"]
[Round "4.3"]
[White "Matlewski, Adam"]
[Black "Kaluzny, Wlodzimierz"]
[Result "0-1"]
[WhiteTitle "II+"]
[BlackTitle "k"]
[WhiteElo "1604"]
[BlackElo "1928"]

1. Nf3 d5 2. c4 e6 3. g3 c6 4. Bg2 Nf6 5. d4 Be7 6. O-O O-O 7. c5 b6 8. b4 a5 9.
bxa5 bxc5 10. Bd2 Ne4 11. Qc2 Nxd2 12. Nbxd2 cxd4 13. Nb3 Bd7 14. Nfxd4 Bb4 15.
Rfb1 Qe7 16. a4 e5 17. Nf3 Na6 18. Ne1 Bd6 19. e4 d4 20. Nd3 Nb4 21. Nxb4 Bxb4
22. Qc4 c5 23. Qf1 Be6 24. Bh3 Rfb8 25. Bxe6 Qxe6 26. Qd1 c4 27. Nd2 Qc6 28. Qc2
Bxd2 29. Qxd2 Rxb1+ 30. Rxb1 Qxe4 31. Qb4 h5 32. Re1 Qd5 33. a6 Kh7 34. Qb5 Qxb5
35. axb5 d3 36. Rb1 c3 37. b6 c2 38. Ra1 d2 39. b7 d1=Q+ 40. Kg2 Qd5+ 41. Kg1
Rxa6 0-1

[Event "III  Wielkopolska  Liga  Seniorow   2013/2014"]
[Site "Wielkopolska "]
[Date "1899-12-30"]
[Round "4.4"]
[White "Chojnacki, Tomasz"]
[Black "Leskiewicz, Ignacy"]
[Result "0-1"]
[WhiteTitle "I+"]
[BlackTitle "I"]
[WhiteElo "1919"]
[BlackElo "1624"]

1. e4 c5 2. Nf3 d6 3. d4 cxd4 4. Nxd4 Nf6 5. Nc3 a6 6. Bc4 e6 7. O-O Be7 8. Bb3
Qc7 9. f4 Nc6 10. Be3 Bd7 11. a4 O-O 12. Qf3 Nxd4 13. Bxd4 Bc6 14. Qg3 b5 15.
axb5 axb5 16. Rae1 Rfd8 17. Kh1 Ne8 18. e5 dxe5 19. Bxe5 Bd6 20. f5 exf5 21. Rxf5
Rd7 22. Qg5 Kh8 23. Qh5 Bxe5 24. Rfxe5 Nf6 25. Qe2 h6 26. Nxb5 Qb7 27. Na3 Rad8
28. Nc4 Qb4 29. Qf1 Ne4 30. Qe2 Qxe1+ 31. Qxe1 Rd1 32. Rxe4 Bxe4 33. Qg1 f5 34.
Ne3 Rxg1+ 35. Kxg1 Rd2 36. g3 Re2 37. Nd5 Bxd5 38. Bxd5 Rxc2 39. b3 g6 40. h4
Kg7 41. Kf1 Kf6 42. Ke1 Ke5 43. Bf7 g5 44. hxg5 hxg5 45. Be8 Rc3 46. b4 Rxg3 47.
b5 Rb3 48. Kd2 g4 49. Kc2 g3 0-1

[Event "III  Wielkopolska  Liga  Seniorow   2013/2014"]
[Site "Wielkopolska "]
[Date "1899-12-30"]
[Round "4.5"]
[White "Przerwa, Sebastian"]
[Black "Kaluzny, Tomasz"]
[Result "0-1"]
[WhiteTitle "II"]
[BlackTitle "I"]
[WhiteElo "1596"]
[BlackElo "1778"]

1. e4 c5 2. Nf3 Nc6 3. d4 cxd4 4. Nxd4 Nf6 5. Nc3 d6 6. Bg5 e6 7. Qd2 a6 8. f4
Bd7 9. O-O-O b5 10. Bxf6 gxf6 11. Kb1 Qb6 12. Nxc6 Bxc6 13. f5 b4 14. Ne2 e5 15.
Ng3 Qc5 16. Nh5 Ke7 17. Bd3 Rg8 18. h3 a5 19. Rhe1 a4 20. Bc4 Rd8 21. b3 Bb5 22.
Bd5 a3 23. g4 Rc8 24. Bc4 Bxc4 25. bxc4 Rc6 26. Qd5 Bh6 27. Qxc5 Rxc5 28. Rd5
Rxc4 29. Red1 Rc6 30. Rg1 Rgc8 31. Rg2 Rc3 32. Rb5 Rxh3 33. Rb7+ Kf8 34. Rg1 Rh2
35. Nxf6 Be3 36. Nd5 Bxg1 37. Nxb4 Be3 38. c4 Rxc4 39. Rb8+ Kg7 40. f6+ Kh6 0-1

[Event "III  Wielkopolska  Liga  Seniorow   2013/2014"]
[Site "Wielkopolska "]
[Date "1899-12-30"]
[Round "4.6"]
[White "Cholewa, Maria"]
[Black "Momot, Weronika"]
[Result "1-0"]
[WhiteTitle "I++"]
[BlackTitle "I"]
[WhiteElo "1861"]
[BlackElo "1500"]

1. e4 e6 2. d4 d5 3. exd5 exd5 4. Bd3 Bd6 5. Nf3 Be6 6. O-O Ne7 7. Re1 Nbc6 8.
c3 f6 9. Rxe6 Qd7 10. Re1 O-O-O 11. b4 g5 12. a4 h5 13. Na3 h4 14. Nb5 g4 15.
Nxd6+ Qxd6 16. Nd2 f5 17. b5 Nxd4 18. cxd4 Qf6 19. Nb3 Ng6 20. Qc2 Rhf8 21. Nc5
Rd6 22. Bh6 Rfd8 23. Bxf5+ Kb8 24. Nd7+ R6xd7 25. Bxd7 Rxd7 26. Re8+ Rd8 27. Rxd8+
Qxd8 28. Qxg6 1-0

[Event "III  Wielkopolska  Liga  Seniorow   2013/2014"]
[Site "Wielkopolska "]
[Date "1899-12-30"]
[Round "4.7"]
[White "Niedbala, Wojciech"]
[Black "Steczek, Marcin"]
[Result "0-1"]
[WhiteTitle "I"]
[BlackTitle "FM"]
[WhiteElo "1803"]
[BlackElo "2373"]

1. e4 c6 2. d4 d5 3. exd5 cxd5 4. c4 Nf6 5. Nc3 e6 6. Nf3 Be7 7. cxd5 Nxd5 8. Bd3
O-O 9. O-O Nc6 10. Re1 Nf6 11. a3 b6 12. Bg5 Bb7 13. Rc1 Rc8 14. Bb1 Re8 15. Qd3
g6 16. h4 Kg7 17. Rcd1 Nd5 18. Nxd5 Qxd5 19. Bf4 Bf6 20. Qe3 Ne7 21. Be5 Ng8 22.
h5 Bxe5 23. dxe5 Qc5 24. Qf4 Bxf3 25. Qxf3 Red8 26. Qe2 a5 27. hxg6 hxg6 28. Rd3
Rxd3 29. Qxd3 Ne7 30. Qf3 Kg8 31. Qg3 Qd4 32. Qb3 Rd8 33. Bc2 Nd5 34. g3 Rc8 35.
Bd3 Qc5 36. Be4 Ne7 37. Bd3 Rd8 38. Qc4 Qxc4 39. Bxc4 Rd4 40. b3 g5 41. a4 g4
42. Re3 Ng6 43. Kf1 Rd2 44. Kg2 Kf8 45. Be2 Rd4 46. Bc4 Rd1 47. Be2 Re1 48. f4
gxf3+ 49. Kxf3 Rc1 50. Bc4 Rd1 51. Ke4 Ke7 52. Re2 Kd8 53. Re3 Ke7 54. Re2 Nf8
55. Bb5 Rd5 56. Bc4 Rc5 57. Kd4 Ng6 58. Re3 Kf8 59. Re1 Kg7 60. Re4 Kh6 61. Re1
Kg5 62. Re3 Ne7 63. Rf3 Nc6+ 64. Kc3 Nxe5 65. Rf4 f5 66. Rd4 Rc6 67. Rf4 Nxc4
68. bxc4 e5 69. Rf2 Kg4 70. Kd3 Rd6+ 71. Kc3 e4 72. Rf4+ Kg5 73. Rf1 Rd3+ 74.
Kc2 Ra3 75. Rb1 Rxa4 76. Kc3 Rb4 77. Re1 b5 78. cxb5 Rxb5 79. Ra1 Rd5 80. Kc4
Rd3 81. Rxa5 Rxg3 82. Ra1 Rd3 83. Rf1 Rd8 0-1

[Event "III  Wielkopolska  Liga  Seniorow   2013/2014"]
[Site "Wielkopolska "]
[Date "1899-12-30"]
[Round "4.8"]
[White "Meczynski, Waldemar"]
[Black "Jarmuzek, Karolina"]
[Result "1-0"]
[WhiteTitle "k"]
[BlackTitle "I+"]
[WhiteElo "2129"]
[BlackElo "1685"]

1. e4 c5 2. Nf3 Nc6 3. d4 cxd4 4. Nxd4 Nf6 5. Nc3 d6 6. Bg5 e6 7. Qd2 a6 8. O-O-O
Nxd4 9. Qxd4 Be7 10. f4 O-O 11. Be2 b5 12. e5 dxe5 13. Qxd8 Bxd8 14. Bf3 Rb8 15.
fxe5 b4 16. Ne2 Nd5 17. Bxd8 Rxd8 18. Nf4 Bb7 19. Nxd5 Bxd5 20. Bxd5 Rxd5 21.
Rxd5 exd5 22. Rd1 Rb5 23. Rd4 Kf8 24. Rh4 h6 25. Rg4 a5 26. Kd2 g6 27. e6 Ke7
28. exf7 Kxf7 29. Rf4+ Ke6 30. Rf8 Ke7 31. Ra8 Ke6 32. Kd3 h5 33. Kd4 g5 34. Ra6+
Kf5 35. Rd6 Kf4 36. Rxd5 Rxd5+ 37. Kxd5 Ke3 38. c4 bxc3 39. bxc3 Kf2 40. c4 Kxg2
41. c5 Kxh2 42. c6 g4 43. c7 g3 44. c8=Q h4 45. Qc7 h3 46. Ke4 Kg2 47. Qc2+ Kh1
48. Qd1+ Kh2 49. Kf3 a4 50. Qe1 g2 51. Kf2 1-0

[Event "III  Wielkopolska  Liga  Seniorow   2013/2014"]
[Site "Wielkopolska "]
[Date "1899-12-30"]
[Round "4.9"]
[White "Wojciechowski, Antoni"]
[Black "Walaszczyk, Witold"]
[Result "0-1"]
[WhiteTitle "II+"]
[BlackTitle "k"]
[WhiteElo "1520"]
[BlackElo "2151"]

1. d4 Nf6 2. c4 e6 3. Nc3 b6 4. Nf3 Bb7 5. a3 Be7 6. d5 exd5 7. cxd5 O-O 8. e4
d6 9. Bd3 Nbd7 10. b4 Ng4 11. O-O Bf6 12. Bb2 Re8 13. Rc1 c5 14. h3 Nge5 15. Nxe5
Bxe5 16. b5 Qf6 17. Qg4 Nf8 18. f4 Bd4+ 19. Kh1 Bc8 20. Qf3 Ng6 21. g4 Qh4 22.
e5 Nxf4 23. Bxh7+ Qxh7 24. Qxf4 Qxh3+ 25. Qh2 Bxg4 26. Qxh3 Bxh3 27. Rf3 Bg4 28.
Rg3 Bf5 29. Rf1 Bxe5 30. Rgf3 g6 31. Rg1 Bxc3 32. Rxc3 Re2 33. Rgc1 Rxb2 34. Re1
Kg7 35. Kg1 Rh8 36. Rg3 Rxb5 37. a4 Rb1 38. Rxb1 Bxb1 39. Re3 Kf6 40. Kg2 Rh4
41. Ra3 Rd4 42. Rf3+ Bf5 43. Kf2 Ke5 44. Re3+ Be4 45. Ke2 Rxa4 46. Kf2 f5 47.
Rg3 Ra2+ 48. Ke1 f4 0-1

[Event "III  Wielkopolska  Liga  Seniorow   2013/2014"]
[Site "Wielkopolska "]
[Date "1899-12-30"]
[Round "4.10"]
[White "Swiatnicki, Andrzej"]
[Black "Strozyk, Aleksandra"]
[Result "1-0"]
[WhiteTitle "k"]
[BlackTitle "II+"]
[WhiteElo "2116"]
[BlackElo "1392"]

1. e4 c6 2. d4 d5 3. exd5 cxd5 4. Bd3 Nc6 5. c3 Nf6 6. h3 e6 7. Nf3 Be7 8. O-O
O-O 9. Re1 a6 10. Nbd2 b5 11. Nf1 Qc7 12. Ng3 Bd6 13. Nf1 Bb7 14. Qe2 Rfe8 15.
Ne5 b4 16. Ng3 Nd8 17. Bd2 Rc8 18. Nh5 Bxe5 19. dxe5 Nxh5 20. Qxh5 g6 21. Qh6
bxc3 22. Bg5 Qc5 23. Bf6 Qf8 24. Qg5 d4 25. h4 cxb2 26. Rad1 Rc7 27. Re2 Nc6 28.
Rxb2 a5 29. Be4 Rec8 30. h5 Ba8 31. Rb6 Nb4 32. Bxa8 Rxa8 33. Rxd4 Rac8 34. hxg6
fxg6 35. Rxe6 Nc2 36. Rd1 Nb4 37. Red6 Nc6 38. Rd7 Rxd7 39. Rxd7 Qc5 40. Qh6 Qf8
41. Qxh7# 1-0

[Event "III  Wielkopolska  Liga  Seniorow   2013/2014"]
[Site "Wielkopolska "]
[Date "1899-12-30"]
[Round "4.11"]
[White "Koperska, Nina"]
[Black "Smagalski, Slawomir"]
[Result "0-1"]
[WhiteTitle "II"]
[BlackTitle "I+"]
[WhiteElo "1355"]
[BlackElo "2009"]

1. e4 e5 2. Nf3 Nc6 3. Bb5 a6 4. Ba4 Nf6 5. d4 exd4 6. O-O Be7 7. Bxc6 dxc6 8.
e5 Ne4 9. Qxd4 Qxd4 10. Nxd4 O-O 11. Re1 Nc5 12. Nf3 Re8 13. Nbd2 Bg4 14. b3 Rad8
15. h3 Bf5 16. c4 Nd3 17. Re2 Nf4 18. Re1 Bb4 19. a3 Bc3 20. Ra2 Nd3 21. Rf1 h6
22. Nb1 Nxc1 23. Rxc1 Bxe5 24. Nxe5 Rxe5 25. Nc3 Rd3 26. Rb2 Be6 27. Ne2 g5 28.
Rcc2 b5 29. Nc1 Rd1+ 30. Kh2 Ree1 31. Na2 Rh1+ 32. Kg3 bxc4 33. bxc4 Rd3+ 34.
f3 Rxa3 35. Rb7 Bxc4 36. Nb4 Bb5 37. Rxc7 Re1 38. Nxc6 0-1

[Event "III  Wielkopolska  Liga  Seniorow   2013/2014"]
[Site "Wielkopolska "]
[Date "1899-12-30"]
[Round "4.12"]
[White "Smolenska, Olga"]
[Black "Choremska, Zuzanna"]
[Result "1-0"]
[WhiteTitle "I"]
[BlackTitle "II+"]
[WhiteElo "1906"]
[BlackElo "1307"]

1. e4 e5 2. Nf3 Nc6 3. d4 exd4 4. c3 dxc3 5. Nxc3 Nf6 6. Bc4 Bc5 7. e5 Qe7 8. O-O
Ng4 9. Bg5 Bxf2+ 10. Rxf2 Qc5 11. Bxf7+ Kxf7 12. e6+ dxe6 13. Ne5+ Ke8 14. Nxg4
Qxg5 15. Qf3 Qf5 16. Qe2 Qc5 17. Raf1 Rf8 18. Ne3 Rxf2 19. Qxf2 Qe7 20. Ned5 exd5
21. Nxd5 Qd6 22. Qf7+ Kd8 23. Qg8+ Kd7 24. Rf7+ Ne7 25. Rxe7+ Kc6 26. Rxc7+ Kb5
27. Qe8+ Ka6 28. Qa4# 1-0

[Event "III  Wielkopolska  Liga  Seniorow   2013/2014"]
[Site "Wielkopolska "]
[Date "1899-12-30"]
[Round "4.13"]
[White "Przybylski, Bartosz"]
[Black "Musialkiewicz, Jan"]
[Result "0-1"]
[WhiteTitle "I+"]
[BlackTitle "k+"]
[WhiteElo "2105"]
[BlackElo "2298"]

1. Nf3 Nf6 2. g3 d5 3. Bg2 c6 4. O-O Bg4 5. d4 e6 6. Ne5 Bf5 7. Nd2 Nbd7 8. Ndf3
Be7 9. c3 O-O 10. Qb3 Qb6 11. Bg5 Bd6 12. Bf4 Qc7 13. Nxd7 Nxd7 14. Bxd6 Qxd6
15. Nh4 Bg4 16. Rae1 f5 17. Bf3 g5 18. Bxg4 gxh4 19. Bf3 Kh8 20. Qb4 Qxb4 21.
cxb4 hxg3 22. hxg3 a5 23. bxa5 Rxa5 24. a3 Nb6 25. Rc1 Nc4 26. Rc2 Rb5 27. e3
Rb8 28. Be2 Rxb2 29. Rxb2 Nxb2 30. Kg2 Na4 31. Rc1 Nb6 32. Kf3 Nd7 33. Kf4 Kg7
34. a4 Ra8 35. Rb1 Ra7 36. g4 fxg4 37. Bxg4 Kf6 38. Rh1 Nf8 39. Rb1 Rxa4 40. Rxb7
e5+ 41. Kf3 exd4 42. Rc7 d3 43. Rxc6+ Kg5 44. Rd6 Rxg4 45. Rxd5+ Kh4 46. Rxd3
Ng6 47. Rd5 h5 48. e4 Rf4+ 49. Ke3 Kg4 50. Rd6 Ne5 51. Re6 Nf3 52. Rh6 Ng5 53.
Kd3 Rxf2 0-1

[Event "III  Wielkopolska  Liga  Seniorow   2013/2014"]
[Site "Wielkopolska "]
[Date "1899-12-30"]
[Round "4.14"]
[White "Banach, Wieslaw"]
[Black "Duszczak, Dariusz"]
[Result "0-1"]
[WhiteTitle "k"]
[BlackTitle "I"]
[WhiteElo "2060"]
[BlackElo "1961"]

1. e4 c6 2. d4 d5 3. exd5 cxd5 4. c4 Nc6 5. Nc3 e5 6. cxd5 Nxd4 7. Be3 Nf5 8. Nf3
Bd6 9. Bb5+ Bd7 10. Qd3 Nge7 11. O-O O-O 12. Rac1 Nxe3 13. fxe3 Nf5 14. Bxd7 Qxd7
15. Nxe5 Bxe5 16. Rxf5 Qd6 17. Rh5 g6 18. Rh3 Rfd8 19. e4 Qb6+ 20. Kh1 Qxb2 21.
Rb1 Qf2 22. Rf3 Qh4 23. g3 Qe7 24. Rbf1 Bxc3 25. Rxf7 Qe5 26. Rxb7 Rf8 27. Rxf8+
Rxf8 28. d6 Bd4 29. d7 Rf1+ 30. Kg2 Rg1+ 31. Kf3 Qh5+ 32. Kf4 Qe5+ 33. Kf3 Qf6+
34. Kg4 h5+ 35. Kh3 Qe6+ 36. Kh4 Bf6# 0-1

[Event "III  Wielkopolska  Liga  Seniorow   2013/2014"]
[Site "Wielkopolska "]
[Date "1899-12-30"]
[Round "4.15"]
[White "Plonczak, Mateusz"]
[Black "Nowak, Rafal"]
[Result "0-1"]
[WhiteTitle "I"]
[BlackTitle "I++"]
[WhiteElo "1936"]
[BlackElo "2039"]

1. d4 d5 2. c4 c6 3. Nc3 Nf6 4. Nf3 a6 5. e3 Bg4 6. Be2 b5 7. cxd5 cxd5 8. O-O
e6 9. h3 Bh5 10. a3 Bd6 11. Ne5 Bxe2 12. Qxe2 Nbd7 13. f4 O-O 14. Bd2 Rc8 15.
Be1 Ne4 16. Nxe4 dxe4 17. Nxd7 Qxd7 18. Bc3 Rc4 19. Rfd1 Qb7 20. Qg4 Qd5 21. Rf1
f5 22. Qe2 Rfc8 23. Qd2 a5 24. Bxa5 Rc2 25. Rfc1 Rxd2 26. Rxc8+ Kf7 27. Bxd2 Bxf4
28. Rac1 Bd6 29. Kh1 f4 30. Rf1 f3 31. gxf3 exf3 32. Rc2 f2+ 0-1

[Event "III  Wielkopolska  Liga  Seniorow   2013/2014"]
[Site "Wielkopolska "]
[Date "1899-12-30"]
[Round "4.16"]
[White "Sobczak, Miroslaw"]
[Black "Zgarda, Jakub"]
[Result "1-0"]
[WhiteTitle "I++"]
[BlackTitle "I"]
[WhiteElo "2000"]
[BlackElo "1850"]

1. e4 c6 2. d4 d5 3. e5 Bf5 4. g4 Be4 5. f3 Bg6 6. h4 h5 7. e6 Qd6 8. exf7+ Bxf7
9. Ne2 hxg4 10. fxg4 e5 11. dxe5 Qxe5 12. Nbc3 Bb4 13. Bf4 Bxc3+ 14. bxc3 Qe4
15. Rh3 Kd8 16. Re3 Qg6 17. Bg5+ Kc8 18. Nf4 Qd6 19. Qd4 Nf6 20. Nd3 Nbd7 21.
Bf4 c5 22. Bxd6 cxd4 23. cxd4 Nxg4 24. Re7 Re8 25. Rxe8+ Bxe8 26. Bh3 Ne3 27.
Kf2 Nc4 28. Bf4 Kd8 29. Rg1 g6 30. Re1 a5 31. Bg5+ Kc7 32. Re7 Kd6 33. Rg7 Ncb6
34. Nf4 Rc8 35. Be7+ Kc6 36. Nxg6 Kb5 37. Bf1+ Ka4 38. Bd3 Rc6 39. h5 Nf6 40.
Bxf6 Rxf6+ 41. Kg3 Bxg6 42. hxg6 Ka3 43. Rxb7 Rxg6+ 44. Bxg6 Nc4 45. Rb5 Kxa2
46. Rxd5 a4 47. Rc5 Nd6 48. Ra5 a3 49. c4 Kb2 50. c5 Nc4 51. Ra8 Kc3 52. d5 Kb4
53. d6 Ne5 54. d7 Nxd7 55. c6 Nb8 56. Rxb8+ 1-0

[Event "III  Wielkopolska  Liga  Seniorow   2013/2014"]
[Site "Wielkopolska "]
[Date "1899-12-30"]
[Round "4.18"]
[White "Szelag, Zuzanna"]
[Black "Zieta, Zuzanna"]
[Result "1-0"]
[WhiteTitle "I"]
[BlackTitle "II"]
[WhiteElo "1516"]
[BlackElo "1307"]

1. e4 c5 2. Nf3 Nc6 3. d4 cxd4 4. Nxd4 e6 5. Be3 Nf6 6. Bd3 d5 7. Nxc6 bxc6 8.
e5 Nd7 9. f4 Nc5 10. Be2 f6 11. O-O Ne4 12. Bd3 f5 13. Bxe4 fxe4 14. Nc3 Rb8 15.
Bxa7 Rxb2 16. Na4 Rb5 17. c3 Qa5 18. Bf2 Bc5 19. Bxc5 Rxc5 20. Nxc5 Qxc5+ 21.
Qd4 Qxd4+ 22. cxd4 O-O 23. g3 Ba6 24. Rfc1 Bc4 25. a4 Ra8 26. a5 Ra6 27. g4 Be2
28. Rcb1 g6 29. Rb6 Bb5 30. Rxa6 Bxa6 31. Rb1 Bb5 32. Rxb5 cxb5 33. a6 b4 34.
a7 b3 35. a8=Q+ 1-0

[Event "III  Wielkopolska  Liga  Seniorow   2013/2014"]
[Site "Wielkopolska "]
[Date "1899-12-30"]
[Round "4.19"]
[White "Adamczewski, Maciej"]
[Black "Zakrzewski, Marek"]
[Result "1/2-1/2"]
[WhiteTitle "I"]
[BlackTitle "k"]
[WhiteElo "1858"]
[BlackElo "2166"]

1. d4 Nf6 2. c4 e6 3. Nc3 Bb4 4. Nf3 b6 5. Bd2 Bb7 6. g3 O-O 7. Bg2 d6 8. Nb1 Bxd2+
9. Nbxd2 e5 10. d5 e4 11. Nd4 e3 12. fxe3 Ng4 13. Qb3 Qg5 14. e4 Nd7 15. Qf3 Ne3
16. h4 Nxg2+ 17. Qxg2 Qe5 18. e3 Nc5 19. O-O Rae8 20. Rf5 Qe7 21. e5 dxe5 22.
N4b3 Bc8 23. Rff1 f5 24. Kh1 Nd3 25. Nf3 f4 26. exf4 exf4 27. Nbd4 fxg3 28. Qxg3
Nxb2 29. Ng5 Na4 30. Nde6 Bxe6 31. Nxe6 Rf6 32. Rxf6 Qxf6 33. Rg1 Re7 34. Kh2
Nc5 35. Nxc5 bxc5 36. Qg4 h6 37. Rg3 Qe5 38. Kh3 Qe4 39. Qxe4 Rxe4 40. Ra3 Rxc4
41. Rxa7 Rd4 42. Rxc7 Rxd5 43. a4 Rd3+ 44. Kg4 Rd4+ 45. Kh5 Kh7 46. a5 c4 47.
a6 c3 48. a7 c2 49. a8=Q c1=Q 50. Rxg7+ Kxg7 1/2-1/2

[Event "III  Wielkopolska  Liga  Seniorow   2013/2014"]
[Site "Wielkopolska "]
[Date "1899-12-30"]
[Round "4.21"]
[White "Adamczewski, Jedrzej"]
[Black "Pogorzelski, Adrian"]
[Result "1-0"]
[WhiteTitle "I"]
[BlackTitle "II+"]
[WhiteElo "1859"]
[BlackElo "2015"]

1. e4 e6 2. d4 d5 3. Nd2 Nf6 4. e5 Nfd7 5. Bd3 c5 6. c3 Nc6 7. Ne2 f6 8. exf6 Nxf6
9. O-O cxd4 10. Nxd4 Nxd4 11. cxd4 Bd6 12. Nf3 O-O 13. Re1 Qe8 14. Ne5 Qh5 15.
Qxh5 Nxh5 16. g3 Nf6 17. Bf4 Bxe5 18. Bxe5 Bd7 19. Rac1 Rac8 20. f3 Kf7 21. Kf2
Ke7 22. Ke3 g6 23. Kd2 Ne8 24. Rxc8 Bxc8 25. Rc1 Bd7 26. Ke2 Bc6 27. h4 Rf7 28.
Rh1 Nd6 29. b3 Kd7 30. g4 a6 31. Ke3 Ke7 32. h5 g5 33. h6 Bb5 34. Bg6 Nc8 35.
Bxf7 Kxf7 36. Rh5 Kg6 37. a4 Be8 38. f4 gxf4+ 39. Kxf4 Na7 40. Rg5+ Kf7 41. Rg7+
Kf8 42. Bd6# 1-0

[Event "III  Wielkopolska  Liga  Seniorow   2013/2014"]
[Site "Wielkopolska "]
[Date "1899-12-30"]
[Round "4.23"]
[White "Wegner, Jacek"]
[Black "Paczka, Patryk"]
[Result "0-1"]
[WhiteTitle "I"]
[BlackTitle "II+"]
[WhiteElo "1750"]
[BlackElo "1807"]

1. e4 c5 2. Nf3 Nc6 3. Bb5 g6 4. O-O Bg7 5. Nc3 e6 6. d3 Nd4 7. Bf4 Qb6 8. a4 a6
9. a5 Qd8 10. Ba4 b5 11. axb6 Qxb6 12. Nd2 Qxb2 13. Nc4 Qb4 14. Rb1 Qxc3 15. Nb6
Ne7 16. Nxa8 Qa3 17. c3 Qxc3 18. Bd6 Nec6 19. Rc1 Qxc1 20. Qxc1 Ne2+ 21. Kh1 Nxc1
22. Rxc1 Bd4 23. Nb6 Bb7 24. Bxc5 Bxc5 25. Rxc5 Ke7 26. d4 Rb8 27. d5 Ba8 0-1

[Event "III  Wielkopolska  Liga  Seniorow   2013/2014"]
[Site "Wielkopolska "]
[Date "1899-12-30"]
[Round "4.24"]
[White "Kowara, Magdalena"]
[Black "Sokolowska, Anna"]
[Result "1-0"]
[WhiteTitle "I++"]
[BlackTitle "I"]
[WhiteElo "1877"]
[BlackElo "1465"]

1. e4 c5 2. Nf3 d6 3. d4 cxd4 4. Nxd4 Nf6 5. Nc3 a6 6. Be2 e6 7. O-O Be7 8. Be3
O-O 9. Kh1 Qc7 10. f4 Bd7 11. Qe1 Nc6 12. Qg3 Kh8 13. a3 b5 14. Bf3 Rac8 15. Rad1
Na5 16. Bc1 Nc4 17. Nde2 Bc6 18. b3 Na5 19. Bb2 Bb7 20. Rd2 Rcd8 21. Rfd1 Nc6
22. Nc1 Qb8 23. N3e2 Na5 24. Nd3 d5 25. exd5 Bxd5 26. Ne5 Bxf3 27. Qxf3 Rxd2 28.
Rxd2 Kg8 29. Nd7 Nxd7 30. Rxd7 Qe8 31. Rd1 Qc8 32. Qg3 f6 33. Nd4 Nc6 34. Qh3
Nxd4 35. Rxd4 Qxc2 36. Qxe6+ Kh8 37. Re4 Qxb2 38. Qxe7 Rg8 39. Qb4 Qc1+ 40. Re1
Qc6 41. h3 h6 42. Rd1 Qb7 43. Rd6 Rc8 44. Qd2 Rg8 45. Qd4 a5 46. Rb6 Qc7 47. Rxb5
Qc1+ 48. Kh2 Qxa3 49. Qd2 a4 50. Qa5 Qa2 51. Qxa4 Qxa4 52. bxa4 Ra8 53. a5 Ra6
54. Kg3 Kh7 55. Kf3 g5 56. f5 Kg7 57. Ke4 Kf7 58. Kd4 Ke7 59. Kc5 Kd7 60. Kb4
Kc6 1-0

[Event "III  Wielkopolska  Liga  Seniorow   2013/2014"]
[Site "Wielkopolska "]
[Date "1899-12-30"]
[Round "4.25"]
[White "Kozlowski, Tomasz"]
[Black "Bajerlein, Dawid"]
[Result "0-1"]
[WhiteTitle "I++"]
[BlackTitle "k"]
[WhiteElo "1932"]
[BlackElo "2086"]

1. e4 c6 2. d4 d5 3. exd5 cxd5 4. c4 Nf6 5. Nc3 e6 6. Nf3 Bb4 7. cxd5 Nxd5 8. Bd2
Nc6 9. Bd3 O-O 10. Qc2 g6 11. O-O Be7 12. a3 Bf6 13. Nxd5 exd5 14. Be3 Bg4 15.
Be2 Rc8 16. Qd2 Na5 17. Qd1 Nc4 18. Bc1 Re8 19. h3 Bf5 20. Bd3 Qd7 21. b3 Nd6
22. Bf4 Bxd3 23. Qxd3 Qb5 24. Qxb5 Nxb5 25. Be3 Be7 26. a4 Nc3 27. Kh2 f6 28.
Bf4 g5 29. Be3 Bd6+ 30. g3 h5 31. Kg2 Rc6 32. Nd2 Ne4 33. Nxe4 dxe4 34. Rfc1 Rec8
35. Kf1 Kf7 36. Ke2 Rc2+ 37. Kd1 Rxc1+ 38. Rxc1 Rxc1+ 39. Kxc1 Ke6 40. d5+ Kxd5
41. Bxa7 Bc5 42. Bxc5 Kxc5 43. g4 h4 44. Kd2 Kd4 45. Kc2 f5 46. gxf5 Ke5 47. Kd2
g4 48. Ke2 gxh3 49. Kf1 Kxf5 50. b4 Kf4 51. b5 Kf3 52. Kg1 h2+ 53. Kxh2 Kxf2 54.
a5 e3 55. a6 bxa6 56. bxa6 e2 57. a7 e1=Q 58. a8=Q Qg1+ 0-1

[Event "III  Wielkopolska  Liga  Seniorow   2013/2014"]
[Site "Wielkopolska "]
[Date "1899-12-30"]
[Round "4.26"]
[White "Hemmerling, Jaroslaw"]
[Black "Joachimiak, Roman"]
[Result "1/2-1/2"]
[WhiteTitle "I+"]
[BlackTitle "I"]
[WhiteElo "1989"]
[BlackElo "2038"]

1. e4 d6 2. d4 Nf6 3. Nc3 g6 4. g3 Bg7 5. Bg2 O-O 6. Nge2 Nbd7 7. O-O Rb8 8. a4
c5 9. h3 cxd4 10. Nxd4 Ne5 11. b3 Bd7 12. Bb2 Qb6 13. Nce2 a6 14. Kh1 Rbc8 15.
Rb1 h6 16. Ba1 Qc7 17. c4 b6 18. Nf4 e6 19. Nfe2 Rfd8 20. Rc1 Qb7 21. Qd2 Nc6
22. Qe3 e5 23. Nxc6 Bxc6 24. Nc3 Nd7 25. b4 Nf6 26. Rfd1 Kh7 27. b5 Be8 28. f4
h5 29. fxe5 Bh6 30. Qf2 Nd7 31. Rb1 dxe5 32. Nd5 Bg7 33. Ne7 Rxc4 34. Nc6 Rxc6
35. bxc6 Qxc6 36. Rxb6 Qxa4 37. Rbd6 Rc8 38. R6d2 Nf8 39. Rb1 Ne6 40. Ra2 Qc4
41. Qe2 Bb5 42. Qxc4 Rxc4 43. Bf1 Rxe4 44. Bxb5 axb5 45. Rxb5 Re3 46. Kg2 h4 47.
gxh4 Nf4+ 48. Kf2 Rxh3 49. Bxe5 Rh2+ 50. Kf3 Rxa2 51. Bxf4 Bf6 52. h5 Ra3+ 53.
Kg4 Be7 54. hxg6+ Kxg6 55. Rb6+ f6 56. Re6 Bf8 57. Rb6 Rc3 58. Ra6 Rb3 59. Rc6
Be7 60. Re6 Bc5 61. Rc6 Be3 62. Bxe3 Rxe3 63. Kf4 Re5 64. Ra6 Rf5+ 65. Kg4 Rc5
66. Ra4 Rh5 67. Ra6 Rf5 68. Rb6 Rf1 69. Ra6 Re1 70. Kf4 Re7 71. Rb6 Kf7 72. Ra6
Re6 73. Rxe6 Kxe6 74. Ke4 f5+ 75. Kf4 Kf6 76. Kf3 Kg5 77. Kg3 f4+ 78. Kf3 Kf5
79. Kf2 Ke4 80. Ke2 f3+ 81. Kf1 Kf4 82. Kf2 Kg4 83. Kf1 1/2-1/2

[Event "III  Wielkopolska  Liga  Seniorow   2013/2014"]
[Site "Wielkopolska "]
[Date "1899-12-30"]
[Round "4.27"]
[White "Skrzypczak, Michal"]
[Black "Bernat, Marcin"]
[Result "1/2-1/2"]
[WhiteTitle "I++"]
[BlackTitle "k"]
[WhiteElo "1986"]
[BlackElo "2120"]

1. b4 e5 2. Bb2 Bxb4 3. Bxe5 Nf6 4. Nc3 Ba5 5. Nf3 Nc6 6. Bxf6 Qxf6 7. Nd5 Qd8
8. c4 d6 9. e3 Bf5 10. Be2 O-O 11. O-O Re8 12. d4 Rb8 13. Qa4 Bb6 14. Rfd1 Ne7
15. Nf4 c6 16. Rac1 d5 17. h3 Bc7 18. Nd3 dxc4 19. Qxc4 Nd5 20. Nc5 Qe7 21. Bd3
Nxe3 22. fxe3 Qxe3+ 23. Kh1 Bxh3 24. Qc2 Bg4 25. Qd2 Qxd2 26. Rxd2 Bxf3 27. gxf3
Bf4 28. Rcc2 Bxd2 29. Rxd2 b6 30. Ne4 h6 31. Kg2 Rbd8 32. Bc4 Kf8 33. Kf2 f5 34.
Ng3 g6 35. a4 Kg7 36. Ne2 Kf6 37. Rc2 Rd6 38. Ba6 Re7 39. Bd3 c5 40. Bb5 cxd4
41. Rd2 Re5 42. f4 Re4 43. Bd3 Re8 44. Bb5 Red8 45. Nc1 g5 46. Nd3 Rc8 47. Ke2
g4 48. Kf1 h5 49. Rh2 Rh8 50. Rh4 Rdd8 51. Ne5 Rc8 52. Bc6 Rc7 53. Ke2 Re7 54.
Bd5 Rd8 55. Bc4 Rc8 56. Bd3 Rh8 57. Bc4 Rxe5+ 58. fxe5+ Kxe5 59. Bf7 Kf4 60. Rxh5
Rf8 61. Bc4 Rc8 62. Bd3 Rc5 63. Rh7 Re5+ 64. Kd2 Kf3 65. Bf1 Ra5 66. Bb5 a6 67.
Bc6+ Kf4 68. Kd3 b5 69. axb5 axb5 70. Kxd4 b4 71. Rb7 Kg3 72. Rxb4 f4 73. Bd7
Ra7 74. Bf5 Rf7 75. Ke5 Re7+ 76. Kd5 Re3 77. Ra4 Kf3 1/2-1/2